Score 0/25 Timer 04:00
0 Plays Today
% Correct
sorrow
93.3%
days
91.7%
raised
90.5%
raised
89.1%
shore
89.1%
shore
89%
given
86.7%
grave
84.9%
grave
84.6%
again
84.5%
trouble
84.1%
stranger
84.1%
Kentucky
83.6%
% Correct
now
83.3%
more
83.3%
found
82.6%
lay
82.1%
now
81.3%
another
80.4%
ramble
78.2%
train
74.7%
lover
74.5%
train
65.7%
railroad
59.8%
valley
37.4%
Remove Ads.
Support Sporcle.
Get the best of Sporcle when you Go Orange. This ad-free experience offers more features, more stats, and more fun while also helping to support Sporcle. Thank you for becoming a member.

You're not logged in!

Compare scores with friends on all Sporcle quizzes.
OR
Log In

Sporcle TV

Today on Sporcle TV


Watch our educational content, quiz creation guides, and fun videos on Sporcle TV.

Show Comments

Extras

Top Quizzes Today


Score Distribution

Paid Content

Your Account Isn't Verified!

In order to create a playlist on Sporcle, you need to verify the email address you used during registration. Go to your Sporcle Settings to finish the process.

Report this User

Report this user for behavior that violates our Community Guidelines.

Details: